Introduction to the constitution of India / (Record no. 124064)

MARC details
000 -LEADER
fixed length control field 00726nam a22002417a 4500
005 - DATE AND TIME OF LATEST TRANSACTION
control field 20170124105934.0
010 ## - LIBRARY OF CONGRESS CONTROL NUMBER
LC control number A-688611
020 ## - INTERNATIONAL STANDARD BOOK NUMBER
Terms of availability 95.00
International Standard Book Number 8120308883
035 ## - SYSTEM CONTROL NUMBER
System control number A-688611
037 ## - SOURCE OF ACQUISITION
Source of stock number/acquisition Cen Lib/Ret
040 ## - CATALOGING SOURCE
Original cataloging agency DPL
Language of cataloging EN
082 ## - DEWEY DECIMAL CLASSIFICATION NUMBER
Classification number 342.54
Item number BAS
100 ## - MAIN ENTRY--PERSONAL NAME
Personal name Basu, Durga Das
9 (RLIN) 87574
245 ## - TITLE STATEMENT
Title Introduction to the constitution of India /
Statement of responsibility, etc by Durga Das Basu
250 ## - EDITION STATEMENT
Edition statement 16th ed
260 ## - PUBLICATION, DISTRIBUTION, ETC. (IMPRINT)
Place of publication, distribution, etc New Delhi
Name of publisher, distributor, etc Prentice-Hall of India
Date of publication, distribution, etc 1994
270 ## - ADDRESS
Address M-97, Cannaught Circus
City New Delhi
Postal code 110001
300 ## - PHYSICAL DESCRIPTION
Extent xxi,477p. :
Dimensions 22cm(Hb)
500 ## - GENERAL NOTE
General note Includes index
650 ## - SUBJECT ADDED ENTRY--TOPICAL TERM
Topical term or geographic name as entry element Constitutional law -- India
9 (RLIN) 87575
650 ## - SUBJECT ADDED ENTRY--TOPICAL TERM
Topical term or geographic name as entry element Constitutional law
9 (RLIN) 87576
942 ## - ADDED ENTRY ELEMENTS (KOHA)
Source of classification or shelving scheme Dewey Decimal Classification
Koha item type English Books
Classification part 342.54
Call number suffix BAS
Holdings
Withdrawn status Lost status Damaged status Not for loan Home library Current library Date acquired Source of acquisition Cost, normal purchase price Total Checkouts Full call number Barcode Date last seen Copy number Cost, replacement price Price effective from Koha item type
        Central Library Central Library 13/06/2015 Cen Lib/Ret 95.00   342.54 BAS A-688611 13/06/2015 1 95.00 13/06/2015 English Books

© Delhi Public Library
Hit Counter
free hit counter